000 00869nam a2200229 i 4500
001 bg
100 1 _aSKLIŃSKI, Ryszard
245 1 0 _aZagrożenie porażeniowe powodowane pracą stacji elektroenergetycznych w aglomeracjach miejskich /
_cRyszard Skliński.
260 _aBiałystok :
_bWydaw. PB,
_c2002.
300 _a211 s. :
_bil. ;
_c23 cm.
490 1 _aRozprawy Naukowe / Politechnika Białostocka,
_x0867-096X ;
_vnr 89
504 _aBibliogr., wykaz norm i przepisów.
650 9 _aMiasta
_xelektroenergetyka
_xzagadnienia
650 9 _aRażenie prądem elektrycznym
_xbadanie
650 9 _aStacje elektroenergetyczne
_xbezpieczeństwo
_xbadanie
830 0 _aRozprawy Naukowe (Politechnika Białostocka) ;
_vnr 89
040 _cBPK
041 0 _apol
080 _a614.8:621.311:621.316](1-21)
942 _cKS
008 s pl f |000 0 pol
999 _c43094
_d43094
856 _uhttp://koha.tu.koszalin.pl/cgi-bin/koha/opac-detail.pl?biblionumber=43094
_yKatalog online BPK